000 00207 a2200097 4500
001 23664
100 _aWaheed, K.A
245 _aBibliography of Iqbal
260 _a
_bIqbal Academy
_c
090 _c16044
_d16044
942 _aNUST-CAE
_cM
_c6719
999 _c258737
_d258737